किताब के बहाने / (Record no. 117999)

MARC details
000 -LEADER
fixed length control field 01164nam a22002777a 4500
003 - CONTROL NUMBER IDENTIFIER
control field dpl
005 - DATE AND TIME OF LATEST TRANSACTION
control field 20180728142821.0
008 - FIXED-LENGTH DATA ELEMENTS--GENERAL INFORMATION
fixed length control field 180728b xxu||||| |||| 00| 0 eng d
010 ## - LIBRARY OF CONGRESS CONTROL NUMBER
LC control number B-048809
020 ## - INTERNATIONAL STANDARD BOOK NUMBER
Terms of availability 175.00
International Standard Book Number 8170164974
035 ## - SYSTEM CONTROL NUMBER
System control number B-048809, B-048819
037 ## - SOURCE OF ACQUISITION
Source of stock number/acquisition Cen Lib/Ret
040 ## - CATALOGING SOURCE
Original cataloging agency DPL
Language of cataloging HN
Transcribing agency 0
082 ## - DEWEY DECIMAL CLASSIFICATION NUMBER
Classification number 820.8
Item number शर्माना
100 ## - MAIN ENTRY--PERSONAL NAME
Personal name शर्मा, नासिरा
9 (RLIN) 77885
245 ## - TITLE STATEMENT
Title किताब के बहाने /
Statement of responsibility, etc नासिरा शर्मा
246 ## - VARYING FORM OF TITLE
Title proper/short title Kitab ke bahane /
Remainder of title by Nasira Sharma
260 ## - PUBLICATION, DISTRIBUTION, ETC. (IMPRINT)
Place of publication, distribution, etc नई दिल्ली
Name of publisher, distributor, etc किताबघर प्रकाशन
Date of publication, distribution, etc 2001
270 ## - ADDRESS
City नई दिल्ली
Address 24, अंसारी रोड, दरयागंज
Postal code 110002
300 ## - PHYSICAL DESCRIPTION
Extent 196पृ.
Dimensions 20सेमी(सजिल्द )
650 ## - SUBJECT ADDED ENTRY--TOPICAL TERM
Topical term or geographic name as entry element साहित्य--उपन्यास
General subdivision
9 (RLIN) 77886
650 ## - SUBJECT ADDED ENTRY--TOPICAL TERM
Topical term or geographic name as entry element हिंदी--उपन्यास--देश प्रेम
9 (RLIN) 77887
650 ## - SUBJECT ADDED ENTRY--TOPICAL TERM
Topical term or geographic name as entry element Literature--Fiction
9 (RLIN) 77888
650 ## - SUBJECT ADDED ENTRY--TOPICAL TERM
Topical term or geographic name as entry element Hindi--Fiction--Country Love
9 (RLIN) 77889
942 ## - ADDED ENTRY ELEMENTS (KOHA)
Source of classification or shelving scheme Dewey Decimal Classification
Koha item type Hindi Books
Classification part 820.8
Call number suffix शर्माना
Holdings
Withdrawn status Lost status Damaged status Not for loan Home library Current library Date acquired Source of acquisition Cost, normal purchase price Total Checkouts Full call number Barcode Date last seen Date checked out Copy number Cost, replacement price Price effective from Koha item type Source of classification or shelving scheme Collection code
        Central Library Central Library 09/09/2015 Cen Lib/Ref 175.00 1 820.8 शर्माना B-048809 18/11/2017 14/11/2017 1 175.00 09/09/2015 Hindi Books    
        Shahdara Branch Shahdara Branch 28/07/2018 BPPD/PUB 175.00 1 820.8 शर्माना B-048819 02/08/2018 28/07/2018   175.00 28/07/2018 Hindi Books Dewey Decimal Classification Non-fiction

© Delhi Public Library
Hit Counter
free hit counter